ბათუმის შოთა რუსთაველის სახელმწიფო უნივერსიტეტის ბიბლიოთეკა

Многоязычие и литературное творчество (ბიბ.ჩანაწერი № 35672)

000 -LEADER
fixed length control field 00549nam a2200193Ia 4500
001 - CONTROL NUMBER
control field 1545
003 - CONTROL NUMBER IDENTIFIER
control field GE_BSU
008 - FIXED-LENGTH DATA ELEMENTS--GENERAL INFORMATION
fixed length control field 181216s||||||||xx |||||||||||||| ||und||
040 ## - CATALOGING SOURCE
Transcribing agency GE_BSU
245 ## - TITLE STATEMENT
Title Многоязычие и литературное творчество
245 ## - TITLE STATEMENT
Statement of responsibility, etc. Отв.ред. Алексеев М.П.
260 ## - PUBLICATION, DISTRIBUTION, ETC.
Place of publication, distribution, etc. Ленинград
260 ## - PUBLICATION, DISTRIBUTION, ETC.
Name of publisher, distributor, etc. Наука
260 ## - PUBLICATION, DISTRIBUTION, ETC.
Date of publication, distribution, etc. 1981
300 ## - PHYSICAL DESCRIPTION
Extent 330стр.
653 ## - INDEX TERM--UNCONTROLLED
Uncontrolled term Многоязычие и литературное творчество
942 ## - ADDED ENTRY ELEMENTS (KOHA)
Koha item type წიგნი
ეგზემპლარები
Withdrawn status Lost status Damaged status Not for loan Date acquired Barcode Date last seen Price effective from Koha item type
        2018-12-17 1712 2018-12-17 2018-12-17 წიგნი